[Event "CAN-op (Pinnacle 48th CAN Op Ch)"]
[Site "Toronto CAN"]
[Date "2011.07.09"]
[Round "1"]
[White "Bluvshtein, Mark"]
[Black "Austria, Federico"]
[Result "1-0"]
[WhiteElo "2634"]
[BlackElo "2105"]
[PlyCount "103"]
[EventDate "2011.07.09"]
[EventType "swiss"]
[EventRounds "9"]
[EventCountry "CAN"]

1. d4 d5 2. c4 c6 3. Nc3 e6 4. e3 Nf6 5. Nf3 Ne4 6. Bd3 f5 7. O-O Bd6 8. Ne2
O-O 9. c5 Bc7 10. b4 Rf6 11. Ne5 Rh6 12. f4 Nd7 13. Qe1 Ndf6 14. a4 Qe8 15. Rf3
Bd7 16. b5 Ng4 17. bxc6 bxc6 18. h3 Nxe5 19. fxe5 g5 20. Rb1 Rb8 21. Rxb8 Qxb8
22. Rf1 Qb3 23. Qd1 Qb8 24. Bd2 Qe8 25. Qe1 Rg6 26. Ba5 Bd8 27. Bxd8 Qxd8 28.
Bxe4 dxe4 29. Qb4 Rg7 30. Ng3 Be8 31. Rb1 Re7 32. Qb8 Qxb8 33. Rxb8 Kg7 34. Kf2
Bg6 35. Nf1 Bh5 36. Nd2 Bd1 37. a5 Bc2 38. Nc4 Bd3 39. Nd6 h5 40. Rc8 Ba6 41.
Rxc6 Bb7 42. Nxb7 Rxb7 43. Rxe6 Rb2+ 44. Kf1 Rb1+ 45. Ke2 Rb2+ 46. Kd1 Rxg2 47.
c6 Rg1+ 48. Kc2 Rg2+ 49. Kb3 Rg1 50. d5 Rc1 51. d6 Rxc6 52. d7 1-0

[Event "CAN-op (Pinnacle 48th CAN Op Ch)"]
[Site "Toronto CAN"]
[Date "2011.07.10"]
[Round "2"]
[White "Birarov, Vladimir"]
[Black "Bluvshtein, Mark"]
[Result "0-1"]
[WhiteElo "2267"]
[BlackElo "2634"]
[PlyCount "66"]
[EventDate "2011.07.09"]
[EventType "swiss"]
[EventRounds "9"]
[EventCountry "CAN"]

1. e4 c5 2. Nf3 d6 3. d3 Nc6 4. g3 g6 5. Bg2 Bg7 6. O-O e5 7. Nbd2 Nge7 8. a4
O-O 9. Nc4 h6 10. Nh4 d5 11. exd5 Nxd5 12. c3 Be6 13. a5 Qc7 14. f4 exf4 15.
gxf4 Nde7 16. Be3 Rad8 17. Qc2 Bf6 18. Nf3 Bxc4 19. dxc4 Nxa5 20. Ne5 Nf5 21.
Bc1 Bxe5 22. fxe5 Nxc4 23. Rxf5 gxf5 24. Qxf5 Qxe5 25. Qg4+ Kh7 26. Qxc4 Rd1+
27. Kf2 Qe1+ 28. Kf3 Rxc1 29. Rxa7 Qd1+ 30. Kf4 Qd2+ 31. Kf3 Re1 32. Bf1 Qe3+
33. Kg4 Rg8+ 0-1

[Event "CAN-op (Pinnacle 48th CAN Op Ch)"]
[Site "Toronto CAN"]
[Date "2011.07.12"]
[Round "4"]
[White "Perelshteyn, Eugene"]
[Black "Bluvshtein, Mark"]
[Result "1-0"]
[WhiteElo "2532"]
[BlackElo "2634"]
[PlyCount "83"]
[EventDate "2011.07.09"]
[EventType "swiss"]
[EventRounds "9"]
[EventCountry "CAN"]

1. d4 Nf6 2. c4 e6 3. Nc3 c5 4. d5 exd5 5. cxd5 d6 6. e4 g6 7. f4 Bg7 8. Bb5+
Nfd7 9. Nf3 a6 10. Bd3 b5 11. O-O O-O 12. Kh1 Re8 13. a3 c4 14. Bc2 Nc5 15. f5
Nbd7 16. Bg5 Bf6 17. h4 Rb8 18. Qd2 a5 19. Qf4 b4 20. axb4 axb4 21. Na4 Bxg5
22. Nxg5 Qe7 23. Nxc5 Nxc5 24. fxg6 fxg6 25. e5 Rf8 26. exd6 Rxf4 27. dxe7
Rxh4+ 28. Kg1 Bd7 29. Ra5 b3 30. Bxg6 hxg6 31. Rxc5 Re8 32. Rc7 Rxe7 33. d6 Re2
34. Rxd7 Rg4 35. Rd8+ Kg7 36. Rf7+ Kh6 37. Nh3 Rgxg2+ 38. Kf1 g5 39. Nf2 c3 40.
bxc3 Kg6 41. Rff8 b2 42. Rb8 1-0

[Event "CAN-op (Pinnacle 48th CAN Op Ch)"]
[Site "Toronto CAN"]
[Date "2011.07.13"]
[Round "5"]
[White "Bluvshtein, Mark"]
[Black "Plotkin, Victor"]
[Result "1-0"]
[WhiteElo "2634"]
[BlackElo "2411"]
[PlyCount "87"]
[EventDate "2011.07.09"]
[EventType "swiss"]
[EventRounds "9"]
[EventCountry "CAN"]

1. d4 Nf6 2. c4 e6 3. Nc3 d5 4. cxd5 exd5 5. Bg5 c6 6. e3 Be7 7. Qc2 Nbd7 8.
Bd3 Nf8 9. Nge2 Ne6 10. Bh4 h6 11. f3 O-O 12. O-O c5 13. Bxf6 Bxf6 14. dxc5
Nxc5 15. Rad1 Nxd3 16. Qxd3 Be6 17. f4 Bg4 18. Nxd5 Bxb2 19. Rd2 Bf6 20. Qb5
Rb8 21. e4 a6 22. Qb4 Bxe2 23. Rxe2 Re8 24. h3 Be7 25. Qb3 Bc5+ 26. Kh1 b6 27.
Rf3 Kh8 28. Rg3 Bf8 29. e5 Qc8 30. Qc2 Qxc2 31. Rxc2 Bc5 32. Rd3 Red8 33. g4
Rbc8 34. Kg2 Kg8 35. Kf3 Kf8 36. Ke4 Bg1 37. Rdc3 Rxc3 38. Rxc3 Bc5 39. a4 a5
40. Rd3 Rc8 41. f5 Ke8 42. Rc3 Kd7 43. Nxb6+ Bxb6 44. e6+ 1-0

[Event "CAN-op (Pinnacle 48th CAN Op Ch)"]
[Site "Toronto CAN"]
[Date "2011.07.14"]
[Round "6"]
[White "Cheng, Bindi"]
[Black "Bluvshtein, Mark"]
[Result "1/2-1/2"]
[WhiteElo "2500"]
[BlackElo "2634"]
[PlyCount "79"]
[EventDate "2011.07.09"]
[EventType "swiss"]
[EventRounds "9"]
[EventCountry "CAN"]

1. d4 Nf6 2. Nf3 c5 3. d5 e6 4. c4 exd5 5. cxd5 d6 6. Nc3 g6 7. e4 a6 8. h3 b5
9. Bd3 Bg7 10. O-O O-O 11. Bf4 Qb6 12. a3 Nbd7 13. Re1 Nh5 14. Be3 Bb7 15. Rc1
Rac8 16. Qd2 Qd8 17. Bg5 Bf6 18. Bh6 Bg7 19. Bg5 Bf6 20. Bh6 Re8 21. g4 Ng7 22.
Bf4 Ne5 23. Nxe5 dxe5 24. Be3 Qd7 25. Bf1 Red8 26. a4 b4 27. Nd1 Qxa4 28. Rxc5
Be7 29. Rxc8 Rxc8 30. Bb6 Ne8 31. Ne3 b3 32. Ba5 Nd6 33. f3 Nb5 34. Bxb5 axb5
35. Kh1 Bd6 36. Rg1 b4 37. Nf5 Bc5 38. d6 Bxg1 39. Qh6 gxf5 40. Qg5+ 1/2-1/2

[Event "CAN-op (Pinnacle 48th CAN Op Ch)"]
[Site "Toronto CAN"]
[Date "2011.07.16"]
[Round "8"]
[White "Bluvshtein, Mark"]
[Black "Rozentalis, Eduardas"]
[Result "1/2-1/2"]
[WhiteElo "2634"]
[BlackElo "2614"]
[PlyCount "125"]
[EventDate "2011.07.09"]
[EventType "swiss"]
[EventRounds "9"]
[EventCountry "CAN"]

1. d4 Nf6 2. c4 e6 3. Nc3 Bb4 4. e3 d5 5. a3 Bxc3+ 6. bxc3 c6 7. Nf3 O-O 8. Bd3
b6 9. cxd5 cxd5 10. Qe2 Bb7 11. O-O Qc8 12. c4 dxc4 13. Bxc4 Ba6 14. Bxa6 Qxa6
15. Qxa6 Nxa6 16. Bb2 Rac8 17. Rfc1 Ne4 18. Kf1 f6 19. Ke2 Kf7 20. Ne1 Ke7 21.
Nd3 Kd7 22. a4 Rc7 23. Rxc7+ Nxc7 24. f3 Nd6 25. Rc1 Rc8 26. e4 Nce8 27. Rxc8
Kxc8 28. Nf4 Kd7 29. Kd3 b5 30. axb5 Nxb5 31. Kc4 Ned6+ 32. Kb4 Nc7 33. g4 Nf7
34. Nd3 Ng5 35. Ne1 g6 36. Bc1 Nf7 37. Nd3 Na6+ 38. Ka5 Nb8 39. Be3 Nd6 40.
Nc5+ Ke7 41. Kb4 Nc6+ 42. Kc3 a5 43. Nd3 Kd7 44. h3 Ke7 45. Bf2 Kd7 46. Kb3 f5
47. e5 Nb5 48. Kc4 Nc7 49. Bh4 Nb4 50. Nc5+ Kc6 51. Bd8 fxg4 52. fxg4 Nbd5 53.
Bxc7 Nxc7 54. g5 Kb6 55. Nd7+ Kc6 56. Nf6 a4 57. Kb4 a3 58. Kxa3 Nb5+ 59. Kb4
Nxd4 60. Kc3 Nf3 61. Nxh7 Kd5 62. Nf8 Nxe5 63. Kd2 1/2-1/2

[Event "Aeroflot op-A"]
[Site "Moscow RUS"]
[Date "2011.02.08"]
[Round "1"]
[White "Bluvshtein, Mark"]
[Black "Andreikin, Dmitry"]
[Result "0-1"]
[WhiteElo "2590"]
[BlackElo "2689"]
[PlyCount "66"]
[EventDate "2011.02.08"]
[EventType "swiss"]
[EventRounds "9"]
[EventCountry "RUS"]

1. d4 Nf6 2. c4 e6 3. Nc3 Bb4 4. e3 O-O 5. Nge2 d5 6. a3 Be7 7. Ng3 c5 8. dxc5
dxc4 9. Qc2 Qa5 10. Bxc4 Qxc5 11. Bd3 Nbd7 12. O-O Ne5 13. Be2 b6 14. f4 Ng6
15. b4 Qc7 16. Bb2 Bb7 17. Rac1 Rac8 18. Qb3 Qb8 19. f5 exf5 20. Nxf5 Bd6 21.
Nxd6 Qxd6 22. Rf2 Qe7 23. Bf3 Bxf3 24. Rxf3 Rfd8 25. Rcf1 Rd3 26. e4 Rxf3 27.
Rxf3 Ne5 28. Rg3 Qd6 29. Nb5 Qd2 30. h3 Nh5 31. Rc3 Rd8 32. Kh2 h6 33. Qc2 Nf3+
0-1

[Event "LGA Premium Cup"]
[Site "Nuremberg GER"]
[Date "2010.09.05"]
[Round "6"]
[White "Bluvshtein, Mark"]
[Black "Prusikin, Michael"]
[Result "1-0"]
[WhiteElo "2583"]
[BlackElo "2522"]
[PlyCount "121"]
[EventDate "2010.09.02"]
[EventType "swiss"]
[EventRounds "7"]
[EventCountry "GER"]
[Source "Mark Crowther"]
[SourceDate "2010.09.13"]

1. d4 Nf6 2. c4 e6 3. Nc3 Bb4 4. e3 O-O 5. Nge2 d5 6. a3 Bd6 7. c5 Be7 8. b4 b6
9. Nf4 a5 10. Bb2 c6 11. Bd3 Ba6 12. O-O Bxd3 13. Nxd3 Nbd7 14. Rc1 Qb8 15. f3
axb4 16. axb4 Rd8 17. Kh1 bxc5 18. bxc5 e5 19. Qc2 exd4 20. exd4 Re8 21. Ra1
Qc7 22. Rxa8 Rxa8 23. Bc1 Nf8 24. Bf4 Qc8 25. g4 Ne6 26. Be3 g6 27. Rb1 h5 28.
Ne5 hxg4 29. fxg4 Nd7 30. Nxg6 fxg6 31. Qxg6+ Ng7 32. Bh6 Bf8 33. Rf1 Qe8 34.
Qxc6 Kh7 35. Bd2 Rd8 36. Bg5 Rc8 37. Qxd5 Qe6 38. Qe4+ Kg8 39. Re1 Qc4 40. Qd5+
Qxd5+ 41. Nxd5 Kf7 42. Ne7 Rc7 43. Rf1+ Ke8 44. Nd5 Rc8 45. Nf4 Kf7 46. h4 Ne6
47. Nxe6+ Kxe6 48. Rf5 Bxc5 49. dxc5 Nxc5 50. Kg2 Ne4 51. Bf4 Nf6 52. Re5+ Kf7
53. Kf3 Ra8 54. Bg5 Ne8 55. Re7+ Kg6 56. Rb7 Ra3+ 57. Be3 Nf6 58. h5+ Nxh5 59.
gxh5+ Kxh5 60. Rb6 Ra6 61. Rxa6 1-0

[Event "Montreal int."]
[Site "Montreal CAN"]
[Date "2009.08.29"]
[Round "3"]
[White "Bluvshtein, Mark"]
[Black "Onischuk, Alexander"]
[Result "1-0"]
[WhiteElo "2558"]
[BlackElo "2699"]
[PlyCount "69"]
[EventDate "2009.08.27"]
[EventType "tourn"]
[EventRounds "11"]
[EventCountry "CAN"]

1. d4 Nf6 2. c4 e6 3. Nc3 Bb4 4. e3 O-O 5. Nge2 Re8 6. g3 d5 7. cxd5 Qxd5 8.
Rg1 Qh5 9. h3 e5 10. g4 Qh4 11. Bg2 Nc6 12. d5 Ne7 13. Qb3 Bxc3+ 14. Nxc3 c6
15. d6 Be6 16. Qxb7 Ned5 17. Bd2 Rab8 18. Qxa7 Nb4 19. O-O-O Ra8 20. Qc7 Rec8
21. Qe7 Re8 22. Qc7 Rec8 23. Qe7 Qxf2 24. d7 Nxa2+ 25. Nxa2 Nxd7 26. Nc3 Ra1+
27. Nb1 Qe2 28. Be4 Qc4+ 29. Bc2 Nb6 30. Qb4 Qa6 31. e4 Nc4 32. Bc3 Qa7 33. Rg3
h6 34. Rgd3 Rb8 35. Qxb8+ 1-0

[Event "FSGM 2008.06"]
[Site "Budapest HUN"]
[Date "2008.06.07"]
[Round "1"]
[White "Kobese, Watu"]
[Black "Bluvshtein, Mark"]
[Result "0-1"]
[WhiteElo "2396"]
[BlackElo "2544"]
[PlyCount "86"]
[EventDate "2008.06.07"]
[EventType "tourn"]
[EventRounds "13"]
[EventCountry "HUN"]
[EventCategory "7"]
[Source "Mark Crowther"]
[SourceDate "2008.06.16"]

1. e4 c5 2. Nf3 d6 3. d4 cxd4 4. Nxd4 Nf6 5. Nc3 Nc6 6. Bc4 e6 7. Be3 a6 8. Qe2
Na5 9. Bb3 b5 10. f4 Qc7 11. f5 Nxb3 12. axb3 b4 13. Na4 e5 14. Nf3 Bb7 15. Nd2
Be7 16. O-O O-O 17. c4 bxc3 18. bxc3 Bxe4 19. g4 Bb7 20. Nb6 Rab8 21. g5 Nd7
22. Nxd7 Qxd7 23. f6 gxf6 24. gxf6 Kh8 25. Bh6 Rg8+ 26. Bg7+ Rxg7+ 27. fxg7+
Kxg7 28. Qh5 Qe6 29. Ra4 e4 30. Rf2 d5 31. Rg2+ Kh8 32. b4 Bf6 33. Ra1 Rg8 34.
Nb3 Bxc3 35. Rxg8+ Kxg8 36. Ra2 Bc8 37. Rg2+ Kf8 38. Qxh7 e3 39. Nc5 Qh3 40.
Rg8+ Ke7 41. Rg3 e2 42. Rxh3 e1=Q+ 43. Kg2 Qe2+ 0-1

[Event "FSGM 2008.06"]
[Site "Budapest HUN"]
[Date "2008.06.08"]
[Round "2"]
[White "Bluvshtein, Mark"]
[Black "Wang, Puchen"]
[Result "1/2-1/2"]
[WhiteElo "2544"]
[BlackElo "2397"]
[PlyCount "102"]
[EventDate "2008.06.07"]
[EventType "tourn"]
[EventRounds "13"]
[EventCountry "HUN"]
[EventCategory "7"]
[Source "Mark Crowther"]
[SourceDate "2008.06.16"]

1. d4 d5 2. c4 c6 3. Nf3 Nf6 4. Nc3 dxc4 5. a4 Bf5 6. Ne5 e6 7. f3 c5 8. e4 Bg6
9. Be3 cxd4 10. Qxd4 Qxd4 11. Bxd4 Nfd7 12. Nxd7 Nxd7 13. Bxc4 a6 14. Ke2 Rc8
15. Ba2 Rg8 16. Rac1 Bc5 17. Bxc5 Rxc5 18. b4 Rc6 19. Nb1 Ke7 20. Rxc6 bxc6 21.
Nc3 Rb8 22. Rb1 f5 23. Ke3 fxe4 24. fxe4 Nf6 25. h3 Rd8 26. Bc4 Nd5+ 27. exd5
exd5 28. Nxd5+ cxd5 29. Bd3 Bxd3 30. Kxd3 Kd6 31. b5 axb5 32. axb5 Kc7 33. b6+
Kb7 34. Kd4 Rf8 35. Rb3 Rf2 36. g3 Rd2+ 37. Ke5 d4 38. Ke4 Rd1 39. h4 d3 40.
Kd4 Rf1 41. Rxd3 Kxb6 42. Ke5 Kc6 43. Rd6+ Kc7 44. Ra6 Re1+ 45. Kf5 Re7 46. Ra8
Kd6 47. Rh8 Re5+ 48. Kg4 Ke7 49. Rxh7 Kf6 50. Rh8 Re4+ 51. Kf3 Ra4 1/2-1/2

[Event "FSGM 2008.06"]
[Site "Budapest HUN"]
[Date "2008.06.11"]
[Round "5"]
[White "Sethuraman, S."]
[Black "Bluvshtein, Mark"]
[Result "0-1"]
[WhiteElo "2425"]
[BlackElo "2544"]
[PlyCount "114"]
[EventDate "2008.06.07"]
[EventType "tourn"]
[EventRounds "13"]
[EventCountry "HUN"]
[EventCategory "7"]
[Source "Mark Crowther"]
[SourceDate "2008.06.16"]

1. e4 e5 2. Nf3 Nf6 3. Nxe5 d6 4. Nf3 Nxe4 5. Nc3 Nxc3 6. dxc3 Be7 7. Bf4 Nc6
8. Qd2 Bg4 9. Be2 Qd7 10. O-O-O O-O-O 11. h3 Be6 12. Bb5 a6 13. Ba4 Bf6 14. Kb1
b5 15. Bb3 Rhe8 16. g4 h6 17. Nd4 Bxb3 18. cxb3 Kb7 19. Nf5 Re6 20. c4 bxc4 21.
bxc4 Re4 22. Rc1 Qe6 23. Rhe1 Re8 24. Re3 Rxe3 25. Bxe3 Qe4+ 26. Qc2 Nb4 27.
Qxe4+ Rxe4 28. Ng3 Re6 29. Nf5 Nd3 30. Rc2 Ne1 31. Rd2 Ng2 32. Bd4 Bg5 33. f4
Nxf4 34. h4 Bf6 35. Bxf6 Rxf6 36. Nxg7 Rg6 37. Nf5 Rxg4 38. Nxh6 Rxh4 39. Nxf7
Ne6 40. b3 Kc6 41. Rd5 Nf4 42. Rd2 Rh5 43. Rf2 Nd3 44. Rd2 Nf4 45. Rf2 Ne6 46.
Rf6 Nc5 47. Rf3 Kd7 48. Rg3 Ne6 49. Rg6 Rh1+ 50. Kb2 Rh2+ 51. Kb1 Rf2 52. Ng5
Nc5 53. Rg7+ Kc6 54. Rf7 Rg2 55. Nh3 Ne4 56. Kc1 Rxa2 57. Nf4 Rf2 0-1

[Event "FSGM 2008.06"]
[Site "Budapest HUN"]
[Date "2008.06.13"]
[Round "7"]
[White "Macak, Stefan"]
[Black "Bluvshtein, Mark"]
[Result "0-1"]
[WhiteElo "2342"]
[BlackElo "2544"]
[PlyCount "52"]
[EventDate "2008.06.07"]
[EventType "tourn"]
[EventRounds "13"]
[EventCountry "HUN"]
[EventCategory "7"]
[Source "Mark Crowther"]
[SourceDate "2008.06.16"]

1. e4 c5 2. Nf3 d6 3. d4 cxd4 4. Nxd4 Nf6 5. Nc3 Nc6 6. Bc4 e6 7. Be3 a6 8. Bb3
Na5 9. Qe2 b5 10. O-O-O Qc7 11. f3 Nd7 12. g4 Nc5 13. Bd5 Rb8 14. b4 Nd7 15.
Bd2 Nc4 16. Bxe6 fxe6 17. Nxe6 Qc6 18. Nd5 Nde5 19. Ndc7+ Kd7 20. f4 Na3 21.
Be3 Qc4 22. Kd2 Qxe2+ 23. Kxe2 Nec4 24. Bd4 Rb7 25. f5 Rxc7 26. Nxc7 Kxc7 0-1

[Event "FSGM 2008.06"]
[Site "Budapest HUN"]
[Date "2008.06.14"]
[Round "8"]
[White "Rajlich, Iweta"]
[Black "Bluvshtein, Mark"]
[Result "1/2-1/2"]
[WhiteElo "2411"]
[BlackElo "2544"]
[PlyCount "70"]
[EventDate "2008.06.07"]
[EventType "tourn"]
[EventRounds "13"]
[EventCountry "HUN"]
[EventCategory "7"]
[Source "Mark Crowther"]
[SourceDate "2008.06.16"]

1. d4 Nf6 2. Nf3 e6 3. e3 c5 4. Bd3 d5 5. b3 Bd6 6. O-O O-O 7. Bb2 b6 8. Nbd2
Bb7 9. Ne5 Nbd7 10. f4 Qe7 11. Qf3 g6 12. Qh3 Rad8 13. a4 Ne4 14. Bxe4 dxe4 15.
Ndc4 Bc7 16. Nxd7 Rxd7 17. dxc5 bxc5 18. g4 f6 19. Qh4 Rd5 20. Rad1 Qd8 21. Qe1
Ba6 22. h4 Bxc4 23. bxc4 Rxd1 24. Qxd1 Qxd1 25. Rxd1 Rd8 26. Ra1 Rd2 27. Bxf6
Rxc2 28. Rd1 Ba5 29. Rd7 Bd2 30. g5 Bxe3+ 31. Kf1 Rd2 32. Rg7+ Kf8 33. Rxa7
Bxf4 34. Ra8+ Kf7 35. Ra7+ Kf8 1/2-1/2

[Event "FSGM 2008.06"]
[Site "Budapest HUN"]
[Date "2008.06.15"]
[Round "9"]
[White "Bluvshtein, Mark"]
[Black "Liu, Qingnan"]
[Result "1/2-1/2"]
[WhiteElo "2544"]
[BlackElo "2344"]
[PlyCount "56"]
[EventDate "2008.06.07"]
[EventType "tourn"]
[EventRounds "13"]
[EventCountry "HUN"]
[EventCategory "7"]
[Source "Mark Crowther"]
[SourceDate "2008.06.16"]

1. d4 Nf6 2. c4 e6 3. Nc3 d5 4. Nf3 Be7 5. Bg5 h6 6. Bh4 O-O 7. Qc2 b6 8. Bxf6
Bxf6 9. e4 c6 10. O-O-O dxc4 11. Bxc4 Ba6 12. Bb3 Nd7 13. e5 Be7 14. Qe4 Re8
15. Qxc6 Rc8 16. Qe4 Bb4 17. Qe3 Qc7 18. Nd2 Bb7 19. Kc2 b5 20. Rc1 Bxc3 21.
bxc3 Nb6 22. Kb2 a5 23. Qd3 a4 24. Bc2 g6 25. h4 a3+ 26. Kb1 Qxc3 27. Qxc3 Rxc3
28. Be4 Nd5 1/2-1/2

[Event "Zalakarosi op"]
[Site "Zalakarosi HUN"]
[Date "2008.05.22"]
[Round "1"]
[White "Bluvshtein, Mark"]
[Black "Rapport, Richard"]
[Result "1-0"]
[WhiteElo "2544"]
[BlackElo "2225"]
[PlyCount "79"]
[EventDate "2008.05.22"]
[EventType "swiss"]
[EventRounds "9"]
[EventCountry "HUN"]
[Source "Mark Crowther"]
[SourceDate "2008.05.26"]

1. d4 Nf6 2. c4 c5 3. d5 e6 4. Nc3 exd5 5. cxd5 d6 6. e4 g6 7. f4 Bg7 8. Bb5+
Nfd7 9. a4 O-O 10. Nf3 Na6 11. O-O Nc7 12. Bd3 Rb8 13. Nd2 a6 14. Nc4 Nf6 15.
a5 Ng4 16. Qe1 Nb5 17. h3 Nf6 18. f5 Ne8 19. Bf4 g5 20. Bh2 Bd4+ 21. Kh1 f6 22.
Ne2 Be5 23. Bg1 Nec7 24. Rc1 Bd7 25. b4 cxb4 26. Qxb4 Qe7 27. Rc2 Na8 28. Rfc1
Rfc8 29. Nxe5 Rxc2 30. Rxc2 fxe5 31. Nc3 Rc8 32. Nxb5 Rxc2 33. Bxc2 Bxb5 34.
Be3 h6 35. Qd2 Qe8 36. Bd1 Nc7 37. h4 gxh4 38. Bxh6 Kh7 39. Qg5 Qf7 40. Bh5 1-0

[Event "Zalakarosi op"]
[Site "Zalakarosi HUN"]
[Date "2008.05.24"]
[Round "3"]
[White "Bluvshtein, Mark"]
[Black "Feher, Gyula"]
[Result "1-0"]
[WhiteElo "2544"]
[BlackElo "2390"]
[PlyCount "155"]
[EventDate "2008.05.22"]
[EventType "swiss"]
[EventRounds "9"]
[EventCountry "HUN"]
[Source "ChessBase"]
[SourceDate "2008.07.03"]

1. d4 d5 2. c4 c6 3. Nf3 Nf6 4. Nc3 dxc4 5. a4 Bf5 6. Ne5 e6 7. f3 c5 8. e4 Bg6
9. Be3 cxd4 10. Qxd4 Qxd4 11. Bxd4 Nbd7 12. Nxc4 Bb4 13. Kf2 O-O 14. Be2 Rfd8
15. Rhd1 Nc5 16. Be3 Nfd7 17. Na2 Na6 18. Rxd7 Rxd7 19. Ne5 Rc7 20. Nxg6 hxg6
21. Bxa6 Rc2+ 22. Be2 Rxb2 23. Nxb4 Rxb4 24. a5 Rb2 25. e5 Rd8 26. Bxa7 Rdd2
27. Re1 Ra2 28. Bb6 g5 29. Kf1 Rdc2 30. f4 gxf4 31. Bf3 Rcb2 32. Bxb7 g5 33.
Bf3 Kg7 34. h3 Rb3 35. Re2 Rb1+ 36. Kf2 Raa1 37. Rd2 Rf1+ 38. Ke2 Rfe1+ 39. Kd3
Kh6 40. Be2 Rec1 41. Rb2 Ra4 42. Kd2 Rca1 43. a6 Rxa6 44. Bxa6 Rxa6 45. Bd8 Kg6
46. Ke2 Kf5 47. Bf6 g4 48. hxg4+ Kxg4 49. Kf2 Ra7 50. Rb8 Ra2+ 51. Kg1 Ra1+ 52.
Kh2 Ra2 53. Rg8+ Kf5 54. Kg1 Ke4 55. Rb8 Ra1+ 56. Kh2 Ra2 57. Rb3 Ra1 58. Rb4+
Kf5 59. g3 fxg3+ 60. Kxg3 Ra3+ 61. Kf2 Rd3 62. Ke2 Ra3 63. Rb7 Kg6 64. Rd7 Rb3
65. Rd3 Rb4 66. Ke3 Ra4 67. Rd8 Kf5 68. Rg8 Re4+ 69. Kd3 Ra4 70. Rg5+ Kf4 71.
Kc3 Ra7 72. Kc4 Rc7+ 73. Kb5 Ke4 74. Kb6 Rd7 75. Rg1 Kf5 76. Ra1 Kg6 77. Kc6
Rd2 78. Rg1+ 1-0

[Event "Zalakarosi op"]
[Site "Zalakarosi HUN"]
[Date "2008.05.26"]
[Round "5"]
[White "Bluvshtein, Mark"]
[Black "Meszaros, Tamas"]
[Result "1/2-1/2"]
[WhiteElo "2544"]
[BlackElo "2437"]
[PlyCount "148"]
[EventDate "2008.05.22"]
[EventType "swiss"]
[EventRounds "9"]
[EventCountry "HUN"]
[Source "ChessBase"]
[SourceDate "2008.07.03"]

1. e4 e5 2. Nf3 Nc6 3. d4 exd4 4. Nxd4 Bc5 5. Nb3 Bb6 6. Nc3 Nge7 7. a4 a6 8.
Be2 d6 9. Bg5 f6 10. Bh4 O-O 11. O-O Be6 12. Nd5 Ba7 13. c4 Qd7 14. Qd2 f5 15.
Bxe7 Nxe7 16. Nd4 Bxd4 17. Nxe7+ Qxe7 18. Qxd4 Qf6 19. Qxf6 Rxf6 20. exf5 Rxf5
21. f4 Re8 22. Bd3 Rf7 23. Rae1 Rfe7 24. a5 Bd7 25. Rxe7 Rxe7 26. Kf2 Bc6 27.
b4 Kf7 28. Rc1 Be4 29. Bf1 d5 30. b5 d4 31. bxa6 bxa6 32. c5 d3 33. Rc4 Bc6 34.
Bxd3 Rd7 35. Rc3 Rd4 36. Ra3 Rxf4+ 37. Ke3 Rg4 38. g3 Rg5 39. Bxa6 Rxc5 40. Bd3
h6 41. a6 Ke7 42. Rb3 Ra5 43. Rb8 Kd6 44. Rg8 Ra3 45. Kd2 Ra2+ 46. Kc3 Ra3+ 47.
Kb2 Rxd3 48. Rd8+ Bd7 49. a7 Rd2+ 50. Kc3 Ra2 51. a8=Q Rxa8 52. Rxa8 Be6 53.
Rh8 Ke5 54. Rh7 Kf6 55. Kd4 c6 56. Rh8 Kf5 57. Re8 Bd5 58. Re7 g6 59. Ke3 h5
60. Ra7 Ke5 61. Ra8 Kf5 62. Rf8+ Ke5 63. Rf4 c5 64. Rf8 c4 65. Rc8 Be6 66. Rc5+
Kd6 67. Kd4 Bf7 68. Ra5 Be6 69. Ra6+ Ke7 70. Ke5 Bf5 71. Rc6 Bd3 72. Rc7+ Kd8
73. Kd6 Ke8 74. Kd5 Kd8 1/2-1/2

[Event "Zalakarosi op"]
[Site "Zalakarosi HUN"]
[Date "2008.05.27"]
[Round "6"]
[White "Berczes, Csaba"]
[Black "Bluvshtein, Mark"]
[Result "0-1"]
[WhiteElo "2409"]
[BlackElo "2544"]
[PlyCount "104"]
[EventDate "2008.05.22"]
[EventType "swiss"]
[EventRounds "9"]
[EventCountry "HUN"]
[Source "ChessBase"]
[SourceDate "2008.07.03"]

1. Nf3 Nf6 2. g3 d5 3. Bg2 Bf5 4. O-O e6 5. c4 Be7 6. Qb3 Qc8 7. Nc3 c6 8. d4
O-O 9. Bf4 Nbd7 10. Rac1 dxc4 11. Qxc4 Nd5 12. e4 Nxf4 13. gxf4 Bg6 14. Ne5 Qc7
15. Qe2 Rad8 16. Rfd1 Nxe5 17. fxe5 f6 18. exf6 Bxf6 19. Qe3 Qb6 20. e5 Bh4 21.
f4 Qxb2 22. Be4 Bxe4 23. Nxe4 Qxa2 24. Ra1 Qd5 25. Rxa7 Rd7 26. Nd6 Be7 27.
Rxb7 Rxb7 28. Nxb7 c5 29. Nd6 Bxd6 30. exd6 Qxd6 31. Re1 cxd4 32. Qxe6+ Qxe6
33. Rxe6 Rxf4 34. Re7 h5 35. Rd7 h4 36. Kg2 Kh7 37. Rd6 g6 38. Kh3 g5 39. Re6
Kg7 40. Rd6 Kf7 41. Kg2 Ke7 42. Rd5 g4 43. Rh5 d3 44. Rd5 Rf3 45. Rd4 h3+ 46.
Kg1 Ke6 47. Rxg4 Ke5 48. Rg8 Kd4 49. Rd8+ Kc3 50. Rc8+ Kd2 51. Re8 Kd1 52. Re7
d2 0-1

[Event "Zalakarosi op"]
[Site "Zalakarosi HUN"]
[Date "2008.05.29"]
[Round "8"]
[White "Berczes, David"]
[Black "Bluvshtein, Mark"]
[Result "1/2-1/2"]
[WhiteElo "2453"]
[BlackElo "2544"]
[PlyCount "93"]
[EventDate "2008.05.22"]
[EventType "swiss"]
[EventRounds "9"]
[EventCountry "HUN"]
[Source "ChessBase"]
[SourceDate "2008.07.03"]

1. d4 Nf6 2. c4 e6 3. Nf3 c5 4. d5 exd5 5. cxd5 d6 6. Nc3 g6 7. Nd2 Bg7 8. e4
O-O 9. Be2 Re8 10. O-O Nbd7 11. a4 Ne5 12. Ndb1 Ned7 13. Nd2 Ne5 14. Re1 g5 15.
Nf1 h6 16. Qc2 a6 17. Ne3 Bd7 18. Bd2 Ng6 19. Nc4 Qe7 20. f3 g4 21. f4 Nxe4 22.
Nxe4 Qxe4 23. Qxe4 Rxe4 24. Nxd6 Rd4 25. Bc3 Rxd5 26. Nxb7 Bxc3 27. bxc3 Nxf4
28. Bc4 Rd2 29. Ra2 Rxa2 30. Bxa2 Be6 31. Re4 Bxa2 32. Rxf4 Rc8 33. Rxg4+ Kf8
34. c4 Bb3 35. Rh4 Rc7 36. Na5 Bxa4 37. Rxh6 Ra7 38. Kf2 Bd7 39. Rh5 Rc7 40.
Rh8+ Ke7 41. Ra8 Bc8 42. Rb8 Be6 43. Rb6 Rd7 44. Rxa6 Rd2+ 45. Kf3 Rc2 46. Ra7+
Kf6 47. Rc7 1/2-1/2

[Event "CAN-op"]
[Site "Ottawa CAN"]
[Date "2007.07.07"]
[Round "1"]
[White "Plotkin, Victor"]
[Black "Bluvshtein, Mark"]
[Result "1/2-1/2"]
[WhiteElo "2253"]
[BlackElo "2462"]
[PlyCount "92"]
[EventDate "2007.07.07"]
[EventType "swiss"]
[EventRounds "10"]
[EventCountry "CAN"]

1. e4 c5 2. c3 g6 3. d4 cxd4 4. cxd4 Bg7 5. Nc3 d6 6. Nf3 Nf6 7. Bc4 O-O 8. Qe2
Bg4 9. O-O Nc6 10. Rd1 Nd7 11. Qe3 Bxf3 12. gxf3 e5 13. dxe5 dxe5 14. Bd2 Nd4
15. Rac1 Kh8 16. Nb5 a6 17. Nxd4 exd4 18. Qg5 Qb6 19. Ba5 Qxb2 20. Rb1 Qc2 21.
Rdc1 Ne5 22. Rxc2 Nxf3+ 23. Kg2 Nxg5 24. Bd5 d3 25. Rd2 f5 26. exf5 Rxf5 27.
Rxd3 Raf8 28. Bb6 Be5 29. h4 Nf7 30. Bxb7 Bf6 31. Rb4 a5 32. Rbb3 Bxh4 33. Rf3
Nd6 34. Rxf5 Rxf5 35. Bf3 Nc4 36. Bd4+ Bf6 37. Rb8+ Kg7 38. Rb7+ Kh6 39. Ba7
Nd6 40. Rd7 Nb5 41. Be3+ Bg5 42. Bb6 a4 43. Bd5 Re5 44. Bc5 Bf4 45. Kf3 Bc1 46.
Kg4 Rg5+ 1/2-1/2